| 000 | 00790nam a22000977a 4500 | ||
|---|---|---|---|
| 008 | 220131b ||||| |||| 00| 0 eng d | ||
| 100 | _aHarris, D. Robin | ||
| 245 | _aEnvironment Definitive Series, 1977-1987 | ||
| 260 |
_aCanada _bauthor _c1997 |
||
| 650 | _aCanada | Definitive Issues | 1977-1987 | 1977-1979 | 1977-1978 | 1977-1983 | 1982-1987 | 1986 | 20th Century | Stamps -- Histories | Production | Production -- Sheets and Panes | Booklets and Minipacks | 1979 | Vending Machine Booklets | Vending Machines | Booklet Labels | Errors and Varieties | Perforation | Luminescent and Tagged Issues | Paper | Perfins | Precancels | Designs | Se-tenant Issues | Plate Blocks and Numbers | Marginal Markings and Imprints | Coils | 1979 | Catalogs and Price Lists | Postal Rates | British Commonwealth | ||
| 999 |
_c3302 _d3302 |
||